<?xml version="1.0" encoding="UTF-8"?>
<collection xmlns="http://www.loc.gov/MARC21/slim">
<record>
  <controlfield tag="001">1820</controlfield>
  <datafield tag="088" ind1=" " ind2=" ">
    <subfield code="a">0416</subfield>
  </datafield>
  <datafield tag="650" ind1="1" ind2="7">
    <subfield code="a">Dietz Collection</subfield>
  </datafield>
  <datafield tag="520" ind1=" " ind2=" ">
    <subfield code="a">Stevenson girls and their husbands. From left - Dr. Terrill Stitt, Henry Heilborn, L to R - FR - Mabel Terill, Norma Stevenson, Lila Davis; MR-Jennie Stitt, Lou Heilborn, Annie and Frank Buck</subfield>
  </datafield>
  <datafield tag="980" ind1=" " ind2=" ">
    <subfield code="a">43905848739</subfield>
  </datafield>
  <datafield tag="960" ind1=" " ind2=" ">
    <subfield code="a">hc</subfield>
  </datafield>
</record>
</collection>